Le Morbihan en images - Statistiques

Statistiques générales
  • Ce quiz a été pris 139 fois
  • Le résultat moyen est 9 sur 18
Statistiques - réponses
Par images Hint Réponse % Correct
Ville Carnac
96%
Homme Politique Jean-Marie Le Pen
96%
Préfecture Vannes
96%
Film Astérix et Obélix contre César
92%
Club de Football FC Lorient
92%
Marque de cosmétiques Yves Rocher
89%
Ile Belle-Île
79%
Sous-Préfecture Pontivy
59%
Festival Festival Interceltique
54%
Station Balnéaire Quiberon
54%
Cours d'eau Blavet
34%
Spécialité Culinaire Gâteau Breton
27%
Château Château de Suscinio
26%
Monument Porte Saint-Vincent
17%
Chanteur Alain Barrière
11%
Ville Ploërmel
11%
Actrice Hélène de Fougerolles
9%
Fromage Tomme de Rhuys
5%
Aucun quiz correspondant
Distribution des résultats
% des personnes avec chaque résultat
Percentile par nombre de réponses
Votre historique - résultats
Vous n’avez pas pris ce quiz